000 00609nam a22002057a 4500
005 20170124110248.0
010 _aA-354447
020 _c00.00
035 _aA-354447
037 _bCen Lib/Ret
040 _aDPL
_bEN
082 _a630.3
_bCHH
100 _aChhatwal, Gurdeep
_998043
245 _aDictionary of agriculture /
_cby Gurdeep Chhatwal
260 _bAnmol Publications
_aNew Delhi
_c1988
270 _a4378/4B Gali Murari Lal Anasri Road
_bNew Delhi
_e110002
300 _a318
_c22cm(Hb)
650 _aAgriculture -- dictionaries
_998044
942 _2ddc
_cEN
_h630.3
_mCHH
999 _c135688
_d135688